000 00824nam a2200241Ia 4500
003 OSt
005 20220923225322.0
006 a|||||r|||| 00| 0
007 ta
008 220922b |||||||| |||| 00| 0 hin d
024 _a263,455
037 _cTextual
040 _aARTS
_cARTS
_bhin
041 _2hin
_ahin
082 _aDelta2xM72x, 152L3
100 _aश्री अरविन्द
245 0 _aश्री अरविन्द की बंगला रचनाएॅं
246 _aShrī aravinda kī bangalā rachanāeॅan
260 _aपांडिचेरी
_b श्री अरविन्द सोसायटी
_c1973
300 _a446पृ.
_ccm.
942 _hDelta2xM72x, 152L3
_cTEXL
_2CC
999 _c377552
_d377552